Statistiques concernant Écoles d'Ingénieur du groupe Centrale

Cliquez ici pour prendre le quiz!

Statistiques générales

  • Ce quiz a été pris 50 fois
  • Le résultat moyen est 5 sur 8

Statistiques - réponses

Réponse% Correct
CentraleSupélec
100%
Centrale Lyon
92%
Centrale Nantes
92%
Centrale Lille
85%
Centrale Méditerranée
85%
Centrale Casablanca
60%
Centrale Pékin
25%
Mahindra École Centrale
4%

Distribution des résultats

Percentile par nombre de réponses

% des personnes avec chaque résultat

Votre développement - résultats

Vous n’avez pas pris ce quiz